书目信息 |
| 题名: |
王小波李顺起义资料汇编
|
|
| 作者: | ||
| 分册: | ||
| 出版信息: | 成都 四川人民出版社 1978 |
|
| 页数: | 173 | |
| 开本: | 20cm | |
| 丛书名: | ||
| 单 册: | ||
| 中图分类: | K244.01 | |
| 科图分类: | ||
| 主题词: | 中国--历史 | |
| 电子资源: | ||
| ISBN: | ||
| 000 | 00432nam0 2200157 450 | |
| 001 | 0734081268 | |
| 005 | 20071007092801.28 | |
| 100 | @a20071007d km y0chiy0120 ea | |
| 101 | 0 | @achi |
| 200 | 1 | @a王小波李顺起义资料汇编@Awang xiao bo li shun qi yi zi liao hui bian |
| 210 | @a成都@c四川人民出版社@d1978 | |
| 215 | @a173@d20cm | |
| 606 | 0 | @a中国@x历史 |
| 690 | @aK244.01@v3 | |
| 801 | 0 | @aCN@bPFT@c20071007 |
| 905 | @a213230@dK244.01@ea3@f1 | |
| 王小波李顺起义资料汇编.-成都:四川人民出版社,1978 |
| 173;20cm |
| ISBN : |
| ● |
| 相关链接 |
|
|
|
|
正题名:王小波李顺起义资料汇编
索取号:K244.01/a3
 
预约/预借
| 序号 | 登录号 | 条形码 | 馆藏地/架位号 | 状态 | 备注 |
| 1 | 7509296 | 275092962 | 密集书库-史法系/ [索取号:K244.01/a3] | 在馆 |